Normal view
MARC view
Entry Personal Name
001 - CONTROL NUMBER
- control field: 821586
003 - CONTROL NUMBER IDENTIFIER
- control field: OSt
005 - DATE AND TIME OF LATEST TRANSACTION
- control field: 20250916142354.0
008 - FIXED-LENGTH DATA ELEMENTS
- fixed length control field: 250916|| aca||aabn | a|a d
040 ## - CATALOGING SOURCE
- Original cataloging agency: OSt
- Transcribing agency: OSt
100 ## - HEADING--PERSONAL NAME
- Personal name: शुक्ल, राधेश्याम एण्ड मिश्रा, प्रमिता
670 ## - SOURCE DATA FOUND
- Source citation: Work cat.: (OSt)1435573: शुक्ल, राधेश्याम एण्ड मिश्रा, प्रमिता , पत्रप्रिया : संस्कृत पत्रकथा - संग्रह , 2020
